000 01518nam0a2200301 4500
001 RU\NLR\bibl\1697361
005 20250616060351.0
010 _a5-86761-035-7
_91000
035 _a(NLR Aleph) 001688451
090 _a1145568
_c1145568
100 _a20101110d2006 |||y0rusy50 ca
101 0 _arus
102 _aRU
105 _ay |||||||||
200 1 _aИсторический опыт защиты профсоюзами социально-экономических и трудовых прав наемных работников
_e(конец XVIII - начало XX вв)
_fД.В. Лобок
_gМежрегион. об-ние: "Федерация проф. союзов С.-Петербурга и Лен. обл.", Зонал. учеб.-метод. центр профсоюзов С.-Петербурга
210 _aСанкт-Петербург
_cЗУМЦ
_d2006
215 _a56 с.
_d21
225 1 _aСерия: Профсоюзное движение
_vвып. 3
320 _aБиблиогр.: с. 56 (9 назв.)
606 1 _aТрудовые права
_xЗащита
_xУчастие профессиональных союзов
_92608800
_3RU\NLR\auth\661545358
606 1 _aПрофессиональные союзы
_xИстория
_92093609
_3RU\NLR\auth\661266954
686 _aФ72(0)
700 1 _aЛобок
_bД В
_gДмитрий Владимирович
_4070
801 0 _aRU
_bNLR
_c20101110
_gRCR
801 1 _aRU
_bNLR
_c20101110
942 _cBOOK
980 _aNB